000 00809cam a2200217 4500
008 090401t2000 xxu||||| |||| 00| 0 eng d
020 _a063203971X
035 _a(Sirsi) u97261
041 _aeng
050 _a692.8
_c18
100 _aCarnell, Nicholas J.
245 _aCausation and delay in construction disputes
260 _aOxford
_bBlackwell Science
_c2000
300 _axii, 240p.
_c25cm.
350 _a45
520 _aLooks at how construction projects become delayed and the practical steps that can be taken to avoid this situation. Also considers the presentation of claims and dispute resolution.
520 _aSuperseded by second edition (ISBN 1405118164)
690 _aBUILT ENVIRONMENT-CONSTRUCTION MANAGEMENT-BUILDING CONTRACT ADMINISTRATION
942 _n0
948 _c04/03/1997
999 _c98823
_d98823